000 00594nai a2200181Ia 4500
003 IN-BaIIA
008 211028c9999 xx s 000 0 eng d
022 _a1420-9012 (Online)
022 _a1422-6383 (Print)
040 _cIIA Library
245 0 _aResults in Mathematics
_h[eJournal]
260 _aBasel, Switzerland
_bSpringer International Publishing
310 _aQuarterly
362 _a31(1); 1997 - Present
521 _bSubscribed through National Knowledge Resource Consortium (NKRC)
856 _uhttps://www.springer.com/journal/25
_yClick Here to Access eJournal
942 _cEJ
999 _c35650
_d35650